000 00305nam a2200121Ia 4500
008 230303s9999 xx 000 0 und d
041 _aeng
082 _a21.3822 BAB
100 _aBABU (P. RAMESH) ANANDANATARAJA (R)
245 _aSIGNALS AND SYSTEMS
260 _aND
_bSCITECH PUBLICATION
365 _cRS
999 _c186992
_d186992